LEADER 02849nam 2200661 a 450 001 9910458910303321 005 20200520144314.0 010 $a3-8366-0266-0 035 $a(CKB)2670000000058498 035 $a(EBL)612230 035 $a(OCoLC)689997586 035 $a(SSID)ssj0000660857 035 $a(PQKBManifestationID)12247184 035 $a(PQKBTitleCode)TC0000660857 035 $a(PQKBWorkID)10707379 035 $a(PQKB)10496724 035 $a(SSID)ssj0000788250 035 $a(PQKBManifestationID)11499551 035 $a(PQKBTitleCode)TC0000788250 035 $a(PQKBWorkID)10823418 035 $a(PQKB)21433629 035 $a(MiAaPQ)EBC612230 035 $a(WaSeSS)Ind00047890 035 $a(Au-PeEL)EBL612230 035 $a(CaPaEBR)ebr10607812 035 $a(EXLCZ)992670000000058498 100 $a20121008d2007 uy 0 101 0 $ager 135 $aur|n|---||||| 181 $ctxt 182 $cc 183 $acr 200 10$aAnalyse von Entscheidungsprozessen fu?r Kurzurlaube$b[electronic resource] /$fSiegmar Leonard Seidl 210 $aHamburg $cDiplomica Verlag$d2007 215 $a1 online resource (155 p.) 225 0 $aDiplomarbeit 300 $aTitle from cover. 311 $a3-8366-5266-8 320 $aIncludes bibliographical references. 327 $aAnalyse von Entscheidungsprozessen fu?r Kurzurlaube; Abstract; Inhaltsverzeichnis; 1 Einleitung; 2 Kurzurlaube; 3 Entscheidungsprozess; 4 Die Reiseentscheidung; 5 Individuelle Einflussfaktoren; 6 Interpersonelle und externe Faktoren; 7 Teilentscheidungen; 8 Empirische Erhebung; 9 Ergebnisse der empirischen Erhebung; 10 Implikationen und Zusammenfassung; Literaturverzeichnis; Anhang 330 $aHauptbeschreibungZielsetzung der vorliegenden Diplomarbeit ist es den individuellen Entscheidungsprozess eines Sta?dtekurzreisenden zu analysieren. Hierfu?r werden im theoretischen Teil der Arbeit die wesentlichen individuellen, interpersonellen und externen Einflussfaktoren, die den Entscheidungsprozess wesentlich bestimmen, untersucht. Ferner werden die wichtigsten Teilentscheidungen, die fu?r einen Sta?dtekurzurlaub getroffen werden mu?ssen, dargestellt. Der empirische Teil der Arbeit wendet sich hierfu?r einem speziellen Aspekt dieser Teilentscheidungen zu, namentlich der Bewertung vo 410 0$aDiplomarbeit. 606 $aDecision making 606 $aHolidays 606 $aVacations 608 $aElectronic books. 615 0$aDecision making. 615 0$aHolidays. 615 0$aVacations. 676 $a658.4092 700 $aSeidl$b Siegmar Leonard$0889964 801 0$bMiAaPQ 801 1$bMiAaPQ 801 2$bMiAaPQ 906 $aBOOK 912 $a9910458910303321 996 $aAnalyse von Entscheidungsprozessen fu?r Kurzurlaube$91988390 997 $aUNINA LEADER 02458nam 2200625 a 450 001 9910953674003321 005 20240514053105.0 010 $a9789814312271 010 $a9814312274 035 $a(CKB)2550000000010602 035 $a(EBL)798415 035 $a(OCoLC)804664077 035 $a(SSID)ssj0000426836 035 $a(PQKBManifestationID)12182236 035 $a(PQKBTitleCode)TC0000426836 035 $a(PQKBWorkID)10389337 035 $a(PQKB)10310845 035 $a(MiAaPQ)EBC798415 035 $a(Au-PeEL)EBL798415 035 $a(CaPaEBR)ebr10424379 035 $a(PPN)187266352 035 $a(FR-PaCSA)45003861 035 $a(FRCYB45003861)45003861 035 $a(EXLCZ)992550000000010602 100 $a20101201d2010 uy 0 101 0 $aeng 135 $aur|n|---||||| 181 $ctxt 182 $cc 183 $acr 200 10$aRed wired $eChina's internet revolution /$fSherman So & J. Christopher Westland 205 $a1st ed. 210 $aLondon $cMarshall Cavendish Business$d2010 215 $a1 online resource (434 p.) 300 $aIncludes index. 311 08$a9780462099675 311 08$a0462099679 327 $aCover; Title; Copyright; Contents; Acknowledgments; Preface; The state of the revolution; 1 News 24/7: Sina's story; 2 Being there with Ctrip; 3 Traffic alert: Baidu; 4 Google's China odyssey; 5 Alibaba: The electric souq; 6 Taobao: A market for the rest of us; 7 Tencent: I seek you; 8 Shanda: Pay now, enjoy later; 9 Shanda: Freebirds reign; 10 The mobile internet revolution; 11 Youku: Waltzing with the State; 12 The expats; What have we learned?; Internet development: China's conundrum; China's internet and the new regionalism.; Appendix: Chinese internet in figures; Index 330 $aA fasinating inside look at how China has adopted the Internet at rapid pace, and the effects it wil have on business and society 606 $aInformation technology$zChina 606 $aInternet$zChina 606 $aCommunication$xTechnological innovations$zChina 615 0$aInformation technology 615 0$aInternet 615 0$aCommunication$xTechnological innovations 676 $a303.4830951 700 $aSo$b Sherman$01799094 701 $aWestland$b J. Christopher$0721022 801 0$bMiAaPQ 801 1$bMiAaPQ 801 2$bMiAaPQ 906 $aBOOK 912 $a9910953674003321 996 $aRed wired$94342245 997 $aUNINA